<?xml version="1.0" encoding="UTF-8"?>
<record
    xmlns:xsi="http://www.w3.org/2001/XMLSchema-instance"
    xsi:schemaLocation="http://www.loc.gov/MARC21/slim http://www.loc.gov/standards/marcxml/schema/MARC21slim.xsd"
    xmlns="http://www.loc.gov/MARC21/slim">

  <leader>00965nam a2200241 a 4500</leader>
  <controlfield tag="001">BRCA_7884</controlfield>
  <controlfield tag="005">20190320210035.0</controlfield>
  <controlfield tag="008">170608s2012----mx-a######---#000-0#spa-#</controlfield>
  <datafield tag="041" ind1=" " ind2=" ">
    <subfield code="a">spa</subfield>
  </datafield>
  <datafield tag="044" ind1=" " ind2=" ">
    <subfield code="a">mx</subfield>
  </datafield>
  <datafield tag="050" ind1=" " ind2="4">
    <subfield code="a">ND1432</subfield>
    <subfield code="b">.P56 2012</subfield>
  </datafield>
  <datafield tag="245" ind1="1" ind2="0">
    <subfield code="a">Pintura de los reinos</subfield>
    <subfield code="b">identidades compartidas en el mundo hisp&#xE1;nico. Miradas varias, siglos XVI-XIX</subfield>
    <subfield code="c">Rafael Dobado Gonz&#xE1;lez, Andr&#xE9;s Calder&#xF3;n Fern&#xE1;ndez, coordinadores.</subfield>
  </datafield>
  <datafield tag="260" ind1=" " ind2=" ">
    <subfield code="a">M&#xE9;xico</subfield>
    <subfield code="b">Fomento Cultural Banamex</subfield>
    <subfield code="c">2012</subfield>
  </datafield>
  <datafield tag="300" ind1=" " ind2=" ">
    <subfield code="a">341 p.</subfield>
    <subfield code="b">il. a color</subfield>
    <subfield code="c">27 cm.</subfield>
  </datafield>
  <datafield tag="500" ind1=" " ind2=" ">
    <subfield code="a">Incluye piezas de la colecci&#xF3;n Franz Mayer: p. 313, 316, 318 y 323</subfield>
  </datafield>
  <datafield tag="650" ind1="1" ind2="4">
    <subfield code="a">Arte y simbolismo cristiano</subfield>
    <subfield code="y">Siglo XVI-XIX</subfield>
    <subfield code="z">Latinoam&#xE9;rica</subfield>
    <subfield code="9">19501</subfield>
  </datafield>
  <datafield tag="650" ind1="1" ind2="4">
    <subfield code="a">Pintura colonial</subfield>
    <subfield code="z">Latinoam&#xE9;rica</subfield>
    <subfield code="9">6177</subfield>
  </datafield>
  <datafield tag="651" ind1=" " ind2="4">
    <subfield code="a">Latinoam&#xE9;rica</subfield>
    <subfield code="x">Pintura</subfield>
    <subfield code="9">6178</subfield>
  </datafield>
  <datafield tag="651" ind1=" " ind2="4">
    <subfield code="a">Espa&#xF1;a</subfield>
    <subfield code="x">Pintura</subfield>
    <subfield code="9">6179</subfield>
  </datafield>
  <datafield tag="700" ind1="1" ind2=" ">
    <subfield code="a">Dobado Gonz&#xE1;lez, Rafael</subfield>
    <subfield code="e">coord.</subfield>
    <subfield code="9">19502</subfield>
  </datafield>
  <datafield tag="700" ind1="1" ind2=" ">
    <subfield code="a">Calder&#xF3;n Fern&#xE1;ndez, Andr&#xE9;s</subfield>
    <subfield code="e">coord.</subfield>
    <subfield code="9">19503</subfield>
  </datafield>
  <datafield tag="942" ind1=" " ind2=" ">
    <subfield code="2">lcc</subfield>
    <subfield code="c">B</subfield>
  </datafield>
  <datafield tag="999" ind1=" " ind2=" ">
    <subfield code="c">7558</subfield>
    <subfield code="d">7558</subfield>
  </datafield>
  <datafield tag="952" ind1=" " ind2=" ">
    <subfield code="0">0</subfield>
    <subfield code="1">0</subfield>
    <subfield code="4">0</subfield>
    <subfield code="7">0</subfield>
    <subfield code="a">BRCA</subfield>
    <subfield code="b">BRCA</subfield>
    <subfield code="d">2013-12-27</subfield>
    <subfield code="l">0</subfield>
    <subfield code="o">ND1432 .P56 2012</subfield>
    <subfield code="p">02778</subfield>
    <subfield code="r">2019-03-22 00:00:00</subfield>
    <subfield code="w">2019-03-22</subfield>
    <subfield code="y">B</subfield>
  </datafield>
</record>
